YE (Kanye) - 12/7/25 SHANGHAI CONCERT SETLIST - Statistics

General Stats
  • This quiz has been taken 15 times
  • The average score is 17 of 34
Answer Stats
Album Answer % Correct
808's And Heartbreak Heartless
88%
My Beautiful Dark Twisted Fantasy POWER
88%
My Beautiful Dark Twisted Fantasy Runaway
88%
Yeezus Black Skinhead
75%
Graduation Can't Tell Me Nothing
75%
VULTURES 1 CARNIVAL
75%
The Life Of Pablo Father Stretch My Hands Pt.1
75%
Graduation Flashing Lights
75%
Yeezus On Sight
75%
Graduation Stronger
75%
BULLY BEAUTY AND THE BEAST
63%
Yeezus Bound 2
63%
The Life Of Pablo Famous
63%
ye Ghost Town
63%
Late Registration Gold Digger
63%
Graduation Homecoming
63%
Cruel Summer Mercy
63%
My Beautiful Dark Twisted Fantasy All Of The Lights
50%
BULLY DAMN
50%
BULLY PREACHER MAN
50%
808's And Heartbreak Say You Will
50%
The College Dropout Through The Wire
50%
Yeezus Blood On The Leaves
38%
Watch The Throne No Church In The Wild
38%
Watch The Throne Otis
38%
The College Dropout Jesus Walks
25%
Late Registration Diamonds From Sierra Leone
13%
[Single] FourFiveSeconds
13%
[Single] HALLELUJAH
13%
Donda Jail
13%
BULLY LOSING YOUR MIND
13%
[Single] ALIVE
0%
The Life Of Pablo Wolves
0%
[Single] WW3
0%
No matching quizzes found
Score Distribution
Percent of People with Each Score
Percentile by Number Answered
Your Score History
You have not taken this quiz